| 000 | 00575nam a2200193Ia 4500 | ||
|---|---|---|---|
| 005 | 20250326141946.0 | ||
| 008 | 250326s9999 xx 000 0 und d | ||
| 020 | _a92-2-106325-9 | ||
| 037 | _aTextbook | ||
| 040 |
_aFMSL _beng _cFMSL |
||
| 041 |
_aeng _2eng |
||
| 084 |
_aX:95 M8 _qFMSL |
||
| 100 |
_aMayer J _9745346 |
||
| 245 | 0 |
_aBringing jobs to people : employment promotion at regional and local levels _cMayer J |
|
| 260 |
_aGeneva _bGeneva, International labour office _c1988 |
||
| 300 | _a217p | ||
| 942 |
_cTB _hX:95 M8 |
||
| 999 |
_c1292788 _d1292788 |
||